| 000 | 00752nam a2200229 u 4500 | ||
|---|---|---|---|
| 005 | 20241112063718.0 | ||
| 008 | 190405s2010 fr r 000 0 por d | ||
| 020 | _a9788579830556 | ||
| 035 | _aUPN01000230152 | ||
| 049 | _aCG | ||
| 050 | 4 |
_aLC191 _bI5.8 |
|
| 245 | 0 | 0 |
_aInvencóes de vidas, compreensáo de itinerários e alternativas de formacáo / _c[coord.] Maria da Conceicáo Passeggi. |
| 260 |
_aSao Paulo, Br. : _bCultura Académica, _cc2010. |
||
| 300 | _a227 p. | ||
| 440 | 0 | _aArtes de viver, conhecer e formar | |
| 650 | 4 |
_aEducación _xAspectos sociales _95311 |
|
| 650 | 2 |
_aAutodeterminación _94808 |
|
| 650 | 4 |
_aAutobiografía _947175 |
|
| 700 | 1 |
_aPasseggi, Maria da Conceicáo, _ecoord. |
|
| 905 | _aLibro | ||
| 999 |
_c202247 _d202247 |
||